ՀՀ Գիտությունների ազգային ակադեմիայի հիմնարար գիտական գրադարան  =   Fundamental Scientific Library of NAS RA

Мария Стюарт : (Record no. 482985)

MARC details
000 -LEADER
fixed length control field 01100nam a2200265 a 4500
001 - CONTROL NUMBER
control field 000114243
003 - CONTROL NUMBER IDENTIFIER
control field AM-YeHGA
005 - DATE AND TIME OF LATEST TRANSACTION
control field 20250617162109.0
008 - FIXED-LENGTH DATA ELEMENTS--GENERAL INFORMATION
fixed length control field 980112s1959 ||||||||||||||||||||rus d
040 ## - CATALOGING SOURCE
Original cataloging agency AM-YeHGA
090 ## - LOCALLY ASSIGNED LC-TYPE CALL NUMBER (OCLC); LOCAL CALL NUMBER (RLIN)
-- 486338
100 1# - MAIN ENTRY--PERSONAL NAME
Personal name Цвейг, Стефан
Dates associated with a name 1881-1942
245 10 - TITLE STATEMENT
Title Мария Стюарт :
Remainder of title Перев. с нем. /
Statement of responsibility, etc. С. Цвейг ; Пер. Р. Гальпериной; Стихи в переводе В. Левика ; Предисл. Б. Сучкова ; Илл. А.В. Носков.
246 35 - VARYING FORM OF TITLE
Title proper/short title Maria Stuart
260 ## - PUBLICATION, DISTRIBUTION, ETC.
Place of publication, distribution, etc. Москва :
Name of publisher, distributor, etc. Иностранная литература,
Date of publication, distribution, etc. 1959.
300 ## - PHYSICAL DESCRIPTION
Extent 350 стр. ;
Dimensions 21 см.
600 14 - SUBJECT ADDED ENTRY--PERSONAL NAME
Personal name Мария Стюарт
650 14 - SUBJECT ADDED ENTRY--TOPICAL TERM
Topical term or geographic name entry element Австрийская литература
General subdivision Роман
650 14 - SUBJECT ADDED ENTRY--TOPICAL TERM
Topical term or geographic name entry element Англия, 16 в. (х.л.)
650 14 - SUBJECT ADDED ENTRY--TOPICAL TERM
Topical term or geographic name entry element Шотландия, 16 в. (х.л.)
700 1# - ADDED ENTRY--PERSONAL NAME
Personal name Гальперина, Р.
Relator term пер.
Relationship trl
700 1# - ADDED ENTRY--PERSONAL NAME
Personal name Левик, В.
Relator term пер.
Relationship trl
700 1# - ADDED ENTRY--PERSONAL NAME
Personal name Сучков, Б.
Relator term авт. предисл.
Relationship aui
700 1# - ADDED ENTRY--PERSONAL NAME
Personal name Носков, А.В.
Relator term илл.
Relationship ill
Holdings
Withdrawn status Lost status Source of classification or shelving scheme Damaged status Not for loan Collection Home library Current library Date acquired Total checkouts Full call number Barcode Date last seen Price effective from Koha item type Public note
    Universal Decimal Classification     General Fundamental Scientific Library Fundamental Scientific Library 25/06/2019   PII/7118 FL0590183 25/06/2019 25/06/2019 Գրքեր / Books 30 Days Loan
    Universal Decimal Classification     General Fundamental Scientific Library Fundamental Scientific Library 26/06/2019   РII/7051 FL0590919 26/06/2019 26/06/2019 Գրքեր / Books 30 Days Loan
    Universal Decimal Classification     General Fundamental Scientific Library Fundamental Scientific Library 22/07/2019   PII/10048 FL0594557 22/07/2019 22/07/2019 Գրքեր / Books 30 Days Loan


ՀՀ ԳԱԱ հիմնարար գիտական գրադարան
ՀՀ,Երևան 0019
Մարշալ Բաղրամյան 24/6
հեռախոս:(374-10) 52-47-50
Հետադարձ կապ

All site content, except where otherwise noted, is licensed under a
Creative Commons License